000 00633nam a22002057a 4500
005 20260425120557.0
008 260425b |||||||| |||| 00| 0 eng d
020 _a9781944660246
_c1295.00
040 _aMAIN
041 _aEnglish
082 _a519.4
_bINA
100 _aInamuro, Takaji
_926758
245 _aIntroduction to the Lattice Boltzmann Methods
_b: Numerical Method for Complex boundary and Moving Boundary Flows
260 _aNew Jersey
_bWorld Scientific
_c2022
300 _a153
650 _aMathematics (PM USHA)
_926738
700 _aYoshino, Masato
_926759
700 _aSuzuki, Kosuke
_926760
942 _cBK
999 _c60743
_d60743